Normal view
MARC view
Entry Topical Term
001 - CONTROL NUMBER
- control field: 32896
003 - CONTROL NUMBER IDENTIFIER
- control field: OSt
005 - DATE AND TIME OF LATEST TRANSACTION
- control field: 20220913151330.0
008 - FIXED-LENGTH DATA ELEMENTS
- fixed length control field: 220913|| aca||aabn | a|a d
040 ## - CATALOGING SOURCE
- Original cataloging agency: OSt
- Transcribing agency: OSt
150 ## - HEADING--TOPICAL TERM
- Topical term or geographic name entry element: Intersectionality, Dalit, Muslims, Women, Honor, Agency, Pasmandas, Ashraf patriarchy, Dalit, sensibilities, Celebratory resilience, Ismat chughrai.
670 ## - SOURCE DATA FOUND
- Source citation: Work cat.: (OSt): Kazim, Rafia 32895, Re-reading do haath as an intersectional text: Ismat chughtai and dalits
